[Event "10. HIT Open 2005 - A"]
[Site "Nova Gorica SLO"]
[Date "2005.01.31"]
[Round "6.16"]
[White "Muzychuk, Anna"]
[Black "Brustkern, Juergen"]
[Result "0-1"]
[WhiteElo "2387"]
[BlackElo "2251"]
[PlyCount "162"]
[EventDate "2005.01.28"]
[EventType "swiss"]
[EventRounds "9"]
[EventCountry "SLO"]
[Source "lmi"]
[SourceDate "2005.02.03"]

1. e4 d5 2. exd5 Qxd5 3. Nc3 Qa5 4. Bc4 c6 5. h3 Nf6 6. Nf3 Bf5 7. O-O e6 8. d3
Nbd7 9. Qe2 Be7 10. Nd4 Bg6 11. Re1 O-O 12. Bd2 Bb4 13. a3 Bxc3 14. Bxc3 Qc7
15. Nf3 Nd5 16. Be5 Nxe5 17. Nxe5 Rfe8 18. h4 f6 19. Nxg6 hxg6 20. Qg4 Qf4 21.
Qxg6 Qxh4 22. Re4 Qh6 23. Qxh6 gxh6 24. Rae1 Kf7 25. d4 f5 26. Re5 b5 27. Be2
Re7 28. b3 Rd8 29. Bf3 Rd6 30. g3 a6 31. c4 bxc4 32. bxc4 Nf6 33. Ra5 Rxd4 34.
Bxc6 Rxc4 35. Rxa6 Rc7 36. Bf3 Rc1 37. Raxe6 Ne4 38. R6xe4 fxe4 39. Bd1 Kf6 40.
Kf1 Rd7 41. Ke2 Ra1 42. a4 Ra2+ 43. Ke3 Kg5 44. Be2 Rxa4 45. f4+ exf3 46. Bxf3
Re7+ 47. Kf2 Rxe1 48. Kxe1 Ra2 49. Kf1 Kf5 50. Kg1 Ke5 51. Kf1 Kd4 52. Bc6 Ra6
53. Bb7 Ra2 54. Bc6 Ke3 55. Bd5 Rd2 56. Bc6 h5 57. Kg1 Rf2 58. Be8 Rf5 59. Kg2
Rg5 60. Kh3 Kf2 61. Kh4 Rxg3 62. Kxh5 Kf3 63. Bg6 Kf4 64. Kh6 Ke5 65. Kg7 Ke6
66. Kh7 Kf6 67. Bb1 Rg7+ 68. Kh8 Rg2 69. Be4 Rd2 70. Bh7 Kf7 71. Bg8+ Kf8 72.
Bh7 Kf7 73. Bg8+ Kg6 74. Bh7+ Kh6 75. Bg8 Rd7 76. Be6 Rh7+ 77. Kg8 Re7 78. Bf7
Rc7 79. Be6 Kg6 80. Kh8 Rh7+ 81. Kg8 Re7 0-1

[Event "10. HIT Open 2005 - A"]
[Site "Nova Gorica SLO"]
[Date "2005.01.31"]
[Round "6.17"]
[White "Beletic, Danijel"]
[Black "Jaracz, Barbara"]
[Result "1-0"]
[WhiteElo "2199"]
[BlackElo "2256"]
[PlyCount "61"]
[EventDate "2005.01.28"]
[EventType "swiss"]
[EventRounds "9"]
[EventCountry "SLO"]
[Source "lmi"]
[SourceDate "2005.02.03"]

1. e4 c5 2. Nf3 e6 3. c3 Nf6 4. Bd3 d6 5. Bc2 Be7 6. O-O O-O 7. d4 cxd4 8. cxd4
Nc6 9. Nc3 Nb4 10. Bb1 d5 11. e5 Nd7 12. a3 Nc6 13. Qd3 g6 14. Re1 a6 15. Bh6
Re8 16. Ba2 Nf8 17. Rac1 Bd7 18. Qe3 Rc8 19. Qf4 Qc7 20. Bg5 Bxg5 21. Nxg5 f5
22. Bxd5 exd5 23. Nxd5 Qa5 24. Nf6+ Kg7 25. b4 Qb5 26. d5 Ne7 27. e6 Kxf6 28.
exd7 Nxd7 29. Rcd1 Qc4 30. Qd6+ Kg7 31. Rxe7+ 1-0

[Event "10. HIT Open 2005 - A"]
[Site "Nova Gorica SLO"]
[Date "2005.01.31"]
[Round "6.18"]
[White "Ilic, Ljubomir"]
[Black "Srebrnic, Marko"]
[Result "0-1"]
[WhiteElo "2229"]
[BlackElo "2249"]
[PlyCount "166"]
[EventDate "2005.01.28"]
[EventType "swiss"]
[EventRounds "9"]
[EventCountry "SLO"]
[Source "lmi"]
[SourceDate "2005.02.03"]

1. e4 c5 2. Nf3 Nc6 3. c3 Nf6 4. e5 Nd5 5. Bc4 Nb6 6. Bb3 e6 7. d4 cxd4 8. cxd4
d6 9. O-O dxe5 10. dxe5 Qxd1 11. Rxd1 Bd7 12. Nc3 Rc8 13. Be3 Na5 14. Bxb6 Nxb3
15. axb3 axb6 16. Ra7 Bc6 17. Nd4 Bc5 18. Nxc6 bxc6 19. Ne4 O-O 20. Kf1 h6 21.
Ke2 Ra8 22. Ra4 Rfd8 23. Nxc5 bxc5 24. Rd6 Rab8 25. Ra6 Rdc8 26. Ra3 c4 27. Kd2
cxb3 28. Kc3 Rb5 29. f4 g5 30. Rxb3 gxf4 31. Rb4 Rc5+ 32. Rc4 Rxe5 33. Rxf4 Rd5
34. Rd4 Kf8 35. Rd7 Rb8 36. R4xd5 cxd5 37. b4 Ke8 38. Rc7 d4+ 39. Kxd4 Rxb4+
40. Ke3 Kf8 41. Kf3 Kg7 42. h3 Rb3+ 43. Kf2 Kg6 44. Rc5 Rd3 45. Rc8 Kf6 46. Rc7
h5 47. Rb7 Kg6 48. Re7 Rb3 49. Ke2 Rb5 50. Re8 Kf5 51. Rh8 Kf4 52. Kf2 Rb2+ 53.
Kg1 Kg3 54. Rg8+ Kf4 55. Rh8 f6 56. Rh6 Kg5 57. Rh8 e5 58. Rg8+ Kf4 59. Rg6 Kf5
60. Rg3 e4 61. Ra3 h4 62. Ra6 Ke5 63. Kf1 Rc2 64. Rb6 Ra2 65. Rc6 f5 66. Rc5+
Kf4 67. Rb5 Ke3 68. Rb3+ Kd4 69. Rb4+ Kc5 70. Rb8 Kc4 71. Rd8 Kc5 72. Rd7 f4
73. Rd8 Kc4 74. Rd7 e3 75. Rd8 Rf2+ 76. Kg1 Rd2 77. Ra8 Kd3 78. Rd8+ Kc2 79.
Rc8+ Kd1 80. Ra8 Ke2 81. Ra4 Rd1+ 82. Kh2 Rf1 83. Rd4 Ke1 0-1

[Event "10. HIT Open 2005 - A"]
[Site "Nova Gorica SLO"]
[Date "2005.01.31"]
[Round "6.19"]
[White "Skoberne, Jure"]
[Black "De Val, Daniele"]
[Result "1-0"]
[WhiteElo "2248"]
[BlackElo "2144"]
[PlyCount "81"]
[EventDate "2005.01.28"]
[EventType "swiss"]
[EventRounds "9"]
[EventCountry "SLO"]
[Source "lmi"]
[SourceDate "2005.02.03"]

1. g3 f5 2. Bg2 Nf6 3. Nf3 d6 4. d4 g6 5. O-O Bg7 6. c4 O-O 7. Nc3 Nc6 8. Qc2
e5 9. dxe5 dxe5 10. Rd1 Bd7 11. Be3 e4 12. Ng5 Re8 13. c5 Qc8 14. Qb3+ Be6 15.
Nxe6 Rxe6 16. Nb5 Ne8 17. Rd2 Kf8 18. Rad1 Re7 19. Bf4 h6 20. h4 a6 21. Nc3 Nf6
22. Nd5 Nxd5 23. Rxd5 Rb8 24. Bh3 Rf7 25. R1d2 Qe8 26. Be3 Ne5 27. Bd4 g5 28.
Qc3 e3 29. fxe3 Re7 30. hxg5 c6 31. gxh6 cxd5 32. hxg7+ Kg8 33. Bxf5 Nc4 34.
Rd1 Qh5 35. g4 Qh3 36. e4 Qh6 37. Kg2 Rxg7 38. exd5 Qf4 39. Be6+ Kh7 40. Rh1+
Kg6 41. Qd3+ 1-0

[Event "10. HIT Open 2005 - A"]
[Site "Nova Gorica SLO"]
[Date "2005.01.31"]
[Round "6.21"]
[White "Djingarova, Emilia"]
[Black "Krivec, Jana"]
[Result "1/2-1/2"]
[WhiteElo "2292"]
[BlackElo "2284"]
[PlyCount "54"]
[EventDate "2005.01.28"]
[EventType "swiss"]
[EventRounds "9"]
[EventCountry "SLO"]
[Source "lmi"]
[SourceDate "2005.02.03"]

1. e4 e5 2. Nf3 Nc6 3. Bc4 Nf6 4. d3 Be7 5. O-O O-O 6. Re1 d6 7. a4 Kh8 8. c3
Ng8 9. d4 Bg4 10. d5 Nb8 11. Bd3 Bxf3 12. Qxf3 Bg5 13. a5 c5 14. dxc6 bxc6 15.
Bxg5 Qxg5 16. Na3 Nd7 17. Nc4 Qe7 18. Rad1 Nc5 19. Bc2 Rad8 20. b4 Ne6 21. Rd2
Nf6 22. Red1 Ne8 23. Ne3 g6 24. Nc4 f6 25. g3 Ng5 26. Qg2 Qe6 27. Ne3 Ng7
1/2-1/2

[Event "10. HIT Open 2005 - A"]
[Site "Nova Gorica SLO"]
[Date "2005.01.31"]
[Round "6.22"]
[White "Stajner, Samo"]
[Black "Srebrnic, Ana"]
[Result "1/2-1/2"]
[WhiteElo "2162"]
[BlackElo "2226"]
[PlyCount "77"]
[EventDate "2005.01.28"]
[EventType "swiss"]
[EventRounds "9"]
[EventCountry "SLO"]
[Source "lmi"]
[SourceDate "2005.02.03"]

1. d4 Nf6 2. Nf3 g6 3. g3 Bg7 4. Bg2 O-O 5. O-O d6 6. c4 Nbd7 7. Nc3 e5 8. dxe5
dxe5 9. Qc2 c6 10. Rd1 Qc7 11. b3 Nc5 12. Ba3 Nfd7 13. Ne4 b6 14. Nfg5 f5 15.
Nxc5 Nxc5 16. b4 Ne6 17. Nxe6 Bxe6 18. b5 e4 19. Bxf8 Bxa1 20. Bd6 Qg7 21. bxc6
Rc8 22. c7 Bd4 23. c5 Bxc5 24. Qd2 Qd7 25. Be5 Qxd2 26. Rxd2 Kf7 27. e3 Bb4 28.
Rd1 Ba5 29. Bf1 b5 30. Rc1 Bd7 31. a4 Ke6 32. Bf4 g5 33. Bxg5 Rxc7 34. Rxc7
Bxc7 35. axb5 Kd5 36. Bf6 Be5 37. Be7 Bd6 38. Bf6 Be5 39. Be7 1/2-1/2

[Event "10. HIT Open 2005 - A"]
[Site "Nova Gorica SLO"]
[Date "2005.01.31"]
[Round "6.23"]
[White "Miletic, Dean"]
[Black "Stantic, Severino"]
[Result "1-0"]
[WhiteElo "2134"]
[BlackElo "2096"]
[PlyCount "115"]
[EventDate "2005.01.28"]
[EventType "swiss"]
[EventRounds "9"]
[EventCountry "SLO"]
[Source "lmi"]
[SourceDate "2005.02.03"]

1. e4 c5 2. Nf3 d6 3. d4 cxd4 4. Nxd4 Nf6 5. Nc3 a6 6. Be2 e5 7. Nb3 Be6 8. f4
exf4 9. Bxf4 Nc6 10. O-O Be7 11. Kh1 O-O 12. Qe1 Ne5 13. Rd1 Qc7 14. Nd4 Rad8
15. Qg3 Kh8 16. Bg5 h6 17. Bxf6 Bxf6 18. Nf5 Kh7 19. Bd3 Nxd3 20. cxd3 Qb6 21.
Rd2 Bxf5 22. Nd5 Qd4 23. Nxf6+ Qxf6 24. Rxf5 Qd4 25. Rd5 Qb4 26. Qe3 Rc8 27. h3
Rc5 28. a3 Qb6 29. Rc2 Rc6 30. Qxb6 Rxb6 31. b4 Re8 32. Rc7 Kg6 33. Rd7 Re6 34.
Kg1 Rf6 35. Rd4 a5 36. bxa5 Rb1+ 37. Kh2 Rf2 38. R7xd6+ f6 39. e5 h5 40. exf6
gxf6 41. Rd8 Rbb2 42. Rg8+ Kf7 43. Rg3 Rf5 44. Ra4 Rbb5 45. a6 bxa6 46. Rxa6
Rb1 47. Ra7+ Ke6 48. Re3+ Kd6 49. Ra6+ Kd7 50. Rg3 Ke8 51. Rg7 Kf8 52. Rc7 Rb8
53. d4 Rd8 54. Raa7 Rfd5 55. Rf7+ Kg8 56. Rxf6 Rxd4 57. Rg6+ Kf8 58. Rh6 1-0

[Event "10. HIT Open 2005 - A"]
[Site "Nova Gorica SLO"]
[Date "2005.01.31"]
[Round "6.24"]
[White "Spelec, Darko"]
[Black "Astengo, Marcello"]
[Result "0-1"]
[WhiteElo "2078"]
[BlackElo "2074"]
[PlyCount "91"]
[EventDate "2005.01.28"]
[EventType "swiss"]
[EventRounds "9"]
[EventCountry "SLO"]
[Source "lmi"]
[SourceDate "2005.02.03"]

1. d4 d5 2. c4 e6 3. Nc3 c6 4. cxd5 exd5 5. Nf3 Nf6 6. Bg5 Nbd7 7. e3 Be7 8.
Bd3 O-O 9. O-O Re8 10. Qc2 Nf8 11. Rae1 Nh5 12. Bxe7 Qxe7 13. Ne5 f6 14. Nf3
Bg4 15. Nd2 g6 16. h3 Be6 17. g4 Ng7 18. f4 Qd6 19. Rf3 Re7 20. Nf1 Rae8 21.
Ng3 Bf7 22. Qf2 Nfe6 23. Rf1 a6 24. h4 Nf8 25. Nd1 Nd7 26. f5 c5 27. g5 Nh5 28.
Nxh5 gxh5 29. Qg2 Kh8 30. Rg3 cxd4 31. exd4 Qb4 32. g6 Qxd4+ 33. Kh2 Ne5 34.
gxf7 Rxf7 35. Be2 Qxh4+ 36. Rh3 Qd4 37. Rg1 Qf4+ 38. Kh1 Rc7 39. Nc3 Qxf5 40.
Rg3 Rcc8 41. Nxd5 Ng4 42. Bf3 Rc2 43. Be4 Nf2+ 44. Kh2 Ng4+ 45. Kh1 Rxg2 46.
Bxf5 0-1

[Event "10. HIT Open 2005 - A"]
[Site "Nova Gorica SLO"]
[Date "2005.02.01"]
[Round "7.5"]
[White "Pavlovic, Milos"]
[Black "Kovacevic, Aleksandar"]
[Result "0-1"]
[WhiteElo "2485"]
[BlackElo "2554"]
[PlyCount "94"]
[EventDate "2005.01.28"]
[EventType "swiss"]
[EventRounds "9"]
[EventCountry "SLO"]
[Source "lmi"]
[SourceDate "2005.02.03"]

1. e4 e6 2. d4 d5 3. Nc3 Nf6 4. e5 Nfd7 5. f4 c5 6. Nf3 Nc6 7. Be3 cxd4 8. Nxd4
Bc5 9. Qd2 O-O 10. O-O-O a6 11. Kb1 Nxd4 12. Bxd4 b5 13. Qe3 Qb6 14. Bxc5 Nxc5
15. Bd3 b4 16. Ne2 a5 17. Ng3 Na4 18. Qxb6 Nxb6 19. Ne2 f6 20. exf6 gxf6 21.
Bb5 Ra7 22. Nd4 Rg7 23. Rhe1 e5 24. fxe5 fxe5 25. Rxe5 Rxg2 26. b3 Kh8 27. h4
Rf4 28. h5 Re4 29. Rxe4 dxe4 30. Bc6 Rh2 31. Bxe4 Rxh5 32. Nf3 Bf5 33. Bc6
Bxc2+ 34. Kxc2 Rc5+ 35. Kb2 Rxc6 36. Ne5 Rc5 37. Nd7 Rd5 38. Rxd5 Nxd5 39. Kc2
Kg7 40. Kd3 Kg6 41. Nf8+ Kg7 42. Nxh7 Kxh7 43. Kc4 Nc3 44. a4 Kg6 45. Kc5 Nxa4+
46. Kb5 Nc3+ 47. Kxa5 Na2 0-1

[Event "10. HIT Open 2005 - A"]
[Site "Nova Gorica SLO"]
[Date "2005.02.01"]
[Round "7.6"]
[White "Miezis, Normunds"]
[Black "Drazic, Sinisa"]
[Result "1/2-1/2"]
[WhiteElo "2547"]
[BlackElo "2489"]
[PlyCount "121"]
[EventDate "2005.01.28"]
[EventType "swiss"]
[EventRounds "9"]
[EventCountry "SLO"]
[Source "lmi"]
[SourceDate "2005.02.03"]

1. c4 e6 2. e4 d5 3. exd5 exd5 4. d4 Nf6 5. Nc3 Bb4 6. Bd3 O-O 7. Nf3 dxc4 8.
Bxc4 Bg4 9. Be3 Nc6 10. O-O Rb8 11. Be2 Nd5 12. Qc2 Bh5 13. Rac1 Re8 14. Nxd5
Qxd5 15. a3 Bg6 16. Qd1 Bd6 17. Nh4 Rxe3 18. fxe3 Qe4 19. Qe1 Qxe3+ 20. Qf2
Qxd4 21. Nxg6 hxg6 22. Qxd4 Nxd4 23. Bc4 Ne6 24. Rce1 Re8 25. Re4 Be7 26. Re2
Rd8 27. Bxe6 fxe6 28. Rc1 c6 29. Rxe6 Bf6 30. Re2 Kf7 31. g3 g5 32. Kg2 Rd3 33.
Rcc2 Rb3 34. Kf2 Bd4+ 35. Ke1 c5 36. Kd1 a5 37. Kc1 Kf6 38. Rcd2 b5 39. Kb1 b4
40. axb4 axb4 41. Re8 Kg6 42. Rd8 Re3 43. Ka2 Bf6 44. Rc8 Bd4 45. Rf8 Bf6 46.
Rc8 Bd4 47. Rb8 Kh5 48. Rxb4 cxb4 49. Rxd4 Re2 50. h3 Re3 51. g4+ Kh4 52. Rxb4
Kxh3 53. Rc4 Rf3 54. b4 Rf4 55. Kb3 Kxg4 56. b5 Kh3 57. Rxf4 gxf4 58. b6 f3 59.
b7 f2 60. b8=Q f1=Q 61. Qh8+ 1/2-1/2

[Event "10. HIT Open 2005 - A"]
[Site "Nova Gorica SLO"]
[Date "2005.02.01"]
[Round "7.7"]
[White "Lenic, Luka"]
[Black "Godena, Michele"]
[Result "0-1"]
[WhiteElo "2450"]
[BlackElo "2544"]
[PlyCount "98"]
[EventDate "2005.01.28"]
[EventType "swiss"]
[EventRounds "9"]
[EventCountry "SLO"]
[Source "lmi"]
[SourceDate "2005.02.03"]

1. d4 d5 2. c4 e6 3. Nf3 c6 4. e3 Nf6 5. Qc2 Nbd7 6. Nc3 b6 7. Be2 Bb7 8. O-O
Be7 9. b3 O-O 10. Bb2 Qc7 11. Rac1 Rad8 12. Rfd1 Rfe8 13. Bd3 Qb8 14. Ne5 dxc4
15. bxc4 Nxe5 16. dxe5 Qxe5 17. Nd5 Qb8 18. Nxe7+ Rxe7 19. Be5 Qxe5 20. Bxh7+
Nxh7 21. Rxd8+ Nf8 22. Qd2 c5 23. Rd1 Bc6 24. Qd6 Qxd6 25. R1xd6 Be8 26. Ra8 f6
27. Rdd8 Kf7 28. f4 Ng6 29. Kf2 Bc6 30. Rab8 f5 31. h4 Nxh4 32. Rf8+ Kg6 33.
Rh8 Nxg2 34. Rbf8 Rd7 35. Rh3 Rf7 36. Rxf7 Kxf7 37. Rh8 e5 38. Rc8 Be4 39. Rc7+
Ke6 40. fxe5 g5 41. Rxa7 f4 42. exf4 gxf4 43. Ra6 Ne3 44. Rxb6+ Kxe5 45. Rb8
Ng4+ 46. Ke1 f3 47. Rd8 Kf4 48. Kd2 f2 49. Rf8+ Ke5 0-1

[Event "10. HIT Open 2005 - A"]
[Site "Nova Gorica SLO"]
[Date "2005.02.01"]
[Round "7.8"]
[White "Burmakin, Vladimir"]
[Black "Paschall, William M"]
[Result "1/2-1/2"]
[WhiteElo "2554"]
[BlackElo "2403"]
[PlyCount "82"]
[EventDate "2005.01.28"]
[EventType "swiss"]
[EventRounds "9"]
[EventCountry "SLO"]
[Source "lmi"]
[SourceDate "2005.02.03"]

1. d4 Nf6 2. g3 d5 3. Nf3 c6 4. Bg2 Bf5 5. Nh4 Be6 6. c3 g6 7. O-O Bg7 8. Qb3
Qb6 9. Qa3 Qa6 10. Re1 Qxa3 11. Nxa3 Nbd7 12. f3 h6 13. e4 g5 14. Nf5 Bxf5 15.
exf5 Kd8 16. Bd2 Ne8 17. Re2 Nd6 18. g4 Bf6 19. Nc2 a5 20. Ne1 a4 21. Nd3 Ra5
22. Be1 c5 23. dxc5 Nxc5 24. Rd1 Nxd3 25. Rxd3 Kd7 26. f4 d4 27. fxg5 hxg5 28.
cxd4 Rb5 29. Bg3 Rc8 30. Be5 Rc1+ 31. Kf2 Rb1 32. Bxf6 exf6 33. Rdd2 Nc4 34.
Rc2 Nxb2 35. Be4 a3 36. Rc5 Rxc5 37. dxc5 Rc1 38. Bxb7 Rxc5 39. Rd2+ Ke7 40.
Bd5 Rc3 41. Be4 Rh3 1/2-1/2

[Event "10. HIT Open 2005 - A"]
[Site "Nova Gorica SLO"]
[Date "2005.02.01"]
[Round "7.10"]
[White "Brkic, Ante"]
[Black "Kuljasevic, Davorin"]
[Result "1/2-1/2"]
[WhiteElo "2458"]
[BlackElo "2401"]
[PlyCount "93"]
[EventDate "2005.01.28"]
[EventType "swiss"]
[EventRounds "9"]
[EventCountry "SLO"]
[Source "lmi"]
[SourceDate "2005.02.03"]

1. e4 e6 2. d4 d5 3. Nc3 Bb4 4. e5 c5 5. a3 Ba5 6. b4 cxd4 7. Nb5 Bc7 8. f4 Bd7
9. Nxc7+ Qxc7 10. Nf3 Nh6 11. Bd3 a6 12. Bb2 Bb5 13. Bxb5+ axb5 14. Nxd4 O-O
15. Qd3 Nc6 16. Nxb5 Qb6 17. O-O-O Ng4 18. Rhe1 Nf2 19. Qe3 Qxe3+ 20. Rxe3 Nxd1
21. Kxd1 Ne7 22. Nd6 Nf5 23. Nxf5 exf5 24. Rd3 Rfd8 25. Bd4 h6 26. Bc5 Rdc8 27.
Kc1 Ra6 28. Kb2 Rac6 29. c3 Rxc5 30. bxc5 Rxc5 31. Rd4 g5 32. g3 f6 33. exf6
Kf7 34. Rb4 b5 35. Kc2 Kxf6 36. Kd3 gxf4 37. gxf4 Ke6 38. a4 bxa4 39. Rxa4 Rc6
40. h4 h5 41. Kd4 Kd6 42. Kd3 Ke6 43. Rb4 Kd6 44. Ra4 Ke6 45. Rd4 Ra6 46. Rb4
Rc6 47. Ra4 1/2-1/2

[Event "10. HIT Open 2005 - A"]
[Site "Nova Gorica SLO"]
[Date "2005.02.01"]
[Round "7.11"]
[White "Krumpacnik, Domen"]
[Black "Cvitan, Ognjen"]
[Result "1/2-1/2"]
[WhiteElo "2364"]
[BlackElo "2520"]
[PlyCount "109"]
[EventDate "2005.01.28"]
[EventType "swiss"]
[EventRounds "9"]
[EventCountry "SLO"]
[Source "lmi"]
[SourceDate "2005.02.03"]

1. d4 Nf6 2. Nf3 g6 3. Bg5 Bg7 4. Nbd2 O-O 5. e3 d6 6. Bc4 Nbd7 7. O-O e5 8.
dxe5 dxe5 9. Ne4 Qe8 10. Nxf6+ Nxf6 11. Bxf6 Bxf6 12. e4 Qe7 13. Qe2 Rd8 14.
Rfd1 Bd7 15. Bb5 c6 16. Bc4 Be8 17. c3 a5 18. a4 Qc5 19. Ba2 Kg7 20. g3 Rxd1+
21. Rxd1 Rd8 22. Kg2 Be7 23. Rd3 Rxd3 24. Qxd3 h6 25. h4 Qd6 26. Qxd6 Bxd6 27.
Nd2 Bc7 28. Kf3 h5 29. Ke2 Bd7 30. Nf1 f5 31. Nd2 f4 32. Bb3 Bg4+ 33. Ke1 Kf6
34. Bd1 fxg3 35. fxg3 Be6 36. Bb3 Bh3 37. Bd1 Be6 38. Bb3 Bd7 39. Bd1 b5 40.
Kf1 Bb6 41. Ke1 Ke7 42. Bb3 Be3 43. Ke2 Bh6 44. Kd3 Bh3 45. axb5 cxb5 46. Bd5
Bd7 47. Nf3 Kf6 48. c4 Bf8 49. cxb5 Bxb5+ 50. Bc4 Bd7 51. b3 Bc5 52. Ke2 Bg4
53. Bd5 Bb6 54. Bc4 Ba7 55. Bd5 1/2-1/2

[Event "10. HIT Open 2005 - A"]
[Site "Nova Gorica SLO"]
[Date "2005.02.01"]
[Round "7.12"]
[White "Zorko, Jure"]
[Black "Jovanic, Ognjen"]
[Result "1/2-1/2"]
[WhiteElo "2300"]
[BlackElo "2477"]
[PlyCount "39"]
[EventDate "2005.01.28"]
[EventType "swiss"]
[EventRounds "9"]
[EventCountry "SLO"]
[Source "lmi"]
[SourceDate "2005.02.03"]

1. e4 e5 2. Nf3 Nf6 3. Nxe5 d6 4. Nf3 Nxe4 5. d4 d5 6. Bd3 Nc6 7. O-O Be7 8. c4
Nf6 9. h3 O-O 10. Nc3 Nb4 11. Be2 dxc4 12. Bxc4 c6 13. Bg5 Nbd5 14. Re1 Be6 15.
Qb3 Rb8 16. Nxd5 cxd5 17. Bd3 h6 18. Bf4 Bd6 19. Bxd6 Qxd6 20. Rac1 1/2-1/2

[Event "10. HIT Open 2005 - A"]
[Site "Nova Gorica SLO"]
[Date "2005.02.01"]
[Round "7.13"]
[White "Brustkern, Juergen"]
[Black "Tratar, Marko"]
[Result "0-1"]
[WhiteElo "2251"]
[BlackElo "2469"]
[PlyCount "94"]
[EventDate "2005.01.28"]
[EventType "swiss"]
[EventRounds "9"]
[EventCountry "SLO"]
[Source "lmi"]
[SourceDate "2005.02.03"]

1. d4 Nf6 2. c4 d6 3. Nc3 Nbd7 4. e4 e5 5. d5 Be7 6. Nge2 Nc5 7. Ng3 a5 8. Bd3
h5 9. O-O g6 10. Bc2 Kf8 11. h3 Kg8 12. Be3 Nh7 13. f4 exf4 14. Bxf4 Nd7 15.
Qf3 Bf6 16. e5 Bxe5 17. Rae1 h4 18. Nge4 f5 19. Nf2 Ng5 20. Qe3 Bxf4 21. Qxf4
Ne5 22. c5 Bd7 23. Re3 Ngf7 24. Kh1 Rh7 25. a3 Qe7 26. cxd6 cxd6 27. Ba4 Rc8
28. Qd4 Qd8 29. Bxd7 Qxd7 30. Qa7 Ng5 31. Re2 Qd8 32. Qe3 Ngf7 33. Nb5 Rc5 34.
Nc3 Qg5 35. Qd4 Qd8 36. Rfe1 Rc8 37. Qa7 Ng5 38. Qd4 Rc4 39. Qxc4 Nxc4 40. Re8+
Qxe8 41. Rxe8+ Kf7 42. Rb8 Kf6 43. Nd3 Re7 44. Kg1 Re3 45. Rc8 Nb6 46. Rf8+ Ke7
47. Rb8 Rxd3 0-1

[Event "10. HIT Open 2005 - A"]
[Site "Nova Gorica SLO"]
[Date "2005.02.01"]
[Round "7.14"]
[White "Srebrnic, Marko"]
[Black "Ushenina, Anna"]
[Result "0-1"]
[WhiteElo "2249"]
[BlackElo "2357"]
[PlyCount "120"]
[EventDate "2005.01.28"]
[EventType "swiss"]
[EventRounds "9"]
[EventCountry "SLO"]
[Source "lmi"]
[SourceDate "2005.02.03"]

1. e4 c6 2. d4 d5 3. Nc3 g6 4. h3 Bg7 5. Nf3 Nh6 6. Bd3 O-O 7. O-O f6 8. Bxh6
Bxh6 9. Qe2 e6 10. Rfe1 Bg7 11. Rad1 a5 12. Nb1 Na6 13. c3 b6 14. a3 Nc7 15.
Qc2 b5 16. b4 Bd7 17. Nbd2 a4 18. Nf1 Be8 19. Ng3 Ra7 20. Qc1 Kh8 21. Re2 Rg8
22. Rde1 Qe7 23. Nh2 Qf8 24. Nf3 h5 25. Qc2 Bh6 26. h4 Ra8 27. e5 f5 28. Nf1
Qe7 29. g3 Bf7 30. Ng5 Bxg5 31. hxg5 Qxg5 32. f4 Qh6 33. Rg2 g5 34. Qd2 Rg7 35.
Ree2 Rag8 36. Ref2 Rh7 37. fxg5 Rxg5 38. Rf4 Na8 39. Rh4 Nb6 40. Qf4 Qg7 41.
Nh2 Nd7 42. Nf3 Rg4 43. Rxg4 hxg4 44. Nh4 Rh5 45. Kf2 Nf8 46. Bc2 Qh7 47. Ke2
Kg7 48. Bd3 Ng6 49. Nxg6 Bxg6 50. Kf2 Qh6 51. Qxh6+ Kxh6 52. Kg1 f4 53. Bf1
fxg3 54. Rxg3 Kg5 55. Be2 Bf5 56. Rg2 Kf4 57. Kf2 Rh1 58. Rg3 Rh2+ 59. Rg2
Rxg2+ 60. Kxg2 Ke3 0-1

[Event "10. HIT Open 2005 - A"]
[Site "Nova Gorica SLO"]
[Date "2005.02.01"]
[Round "7.15"]
[White "Skoberne, Jure"]
[Black "Olarasu, Gabriela"]
[Result "0-1"]
[WhiteElo "2248"]
[BlackElo "2327"]
[PlyCount "96"]
[EventDate "2005.01.28"]
[EventType "swiss"]
[EventRounds "9"]
[EventCountry "SLO"]
[Source "lmi"]
[SourceDate "2005.02.03"]

1. g3 d5 2. Bg2 c6 3. d3 Bg4 4. Nf3 Nd7 5. O-O e6 6. b3 a5 7. a3 Ngf6 8. Bb2
Be7 9. Nbd2 O-O 10. e4 Nc5 11. Qe2 Nfd7 12. h3 Bh5 13. Rae1 dxe4 14. dxe4 Bg6
15. Nh2 e5 16. h4 f6 17. h5 Bf7 18. h6 g6 19. Ng4 Ne6 20. f4 Bc5+ 21. Kh2 exf4
22. gxf4 f5 23. exf5 gxf5 24. Ne5 Nxe5 25. Bxe5 Qh4+ 26. Bh3 Rae8 27. Qg2+ Bg6
28. Qg3 Qxg3+ 29. Kxg3 Nd4 30. Bxd4 Bxd4 31. Nc4 Bc3 32. Rxe8 Rxe8 33. Nd6 Be1+
34. Kf3 Bh5+ 35. Kg2 Re2+ 36. Kg1 Bg4 37. Bxg4 fxg4 38. Nxb7 Bd2 39. Rd1 g3 40.
Rxd2 Rxd2 41. Nxa5 Rxc2 42. b4 Kf7 43. Nb3 Kg6 44. Nd4 Ra2 45. f5+ Kg5 46. f6
Kxf6 47. Nxc6 Kg5 48. Nd4 Kg4 0-1

[Event "10. HIT Open 2005 - A"]
[Site "Nova Gorica SLO"]
[Date "2005.02.01"]
[Round "7.17"]
[White "Srebrnic, Vojko"]
[Black "Nikolov, Sasho"]
[Result "1/2-1/2"]
[WhiteElo "2240"]
[BlackElo "2431"]
[PlyCount "119"]
[EventDate "2005.01.28"]
[EventType "swiss"]
[EventRounds "9"]
[EventCountry "SLO"]
[Source "lmi"]
[SourceDate "2005.02.03"]

1. d4 Nf6 2. Nf3 g6 3. c4 d6 4. Nc3 Bf5 5. Nh4 Bd7 6. e4 e5 7. Nf3 Nc6 8. Be2
Bg7 9. Be3 O-O 10. d5 Ne7 11. Nd2 c5 12. f3 a6 13. g4 Rb8 14. a4 Ne8 15. Qc2 f5
16. gxf5 gxf5 17. O-O-O Kh8 18. Rdg1 Bf6 19. Bh6 Rg8 20. Rxg8+ Nxg8 21. Be3 Bg5
22. Bxg5 Qxg5 23. Qd1 Ngf6 24. Qg1 Qh6 25. h4 Nh5 26. Qg5 Qxg5 27. hxg5 Nf4 28.
Bf1 Ng7 29. Rh6 Ng6 30. Bh3 Rf8 31. Ne2 Bxa4 32. Ng3 Bd7 33. exf5 Nxf5 34. Bxf5
Bxf5 35. Nxf5 Rxf5 36. Ne4 Rxf3 37. Nxd6 b5 38. Ne8 bxc4 39. Nf6 Nf8 40. Nxh7
Nxh7 41. g6 Rd3 42. Rxh7+ Kg8 43. Rd7 e4 44. Re7 e3 45. d6 Rxd6 46. Rxe3 Rxg6
47. Re8+ Kf7 48. Rc8 Rg5 49. Rc6 a5 50. Ra6 Ke7 51. Rxa5 Kd6 52. Ra8 Rg2 53.
Rd8+ Kc7 54. Rh8 Kc6 55. Rc8+ Kb6 56. Rb8+ Kc7 57. Rh8 c3 58. bxc3 Kc6 59. Rh4
Kb5 60. Rf4 1/2-1/2

[Event "10. HIT Open 2005 - A"]
[Site "Nova Gorica SLO"]
[Date "2005.02.01"]
[Round "7.18"]
[White "Miletic, Dean"]
[Black "Jelen, Igor"]
[Result "1-0"]
[WhiteElo "2134"]
[BlackElo "2346"]
[PlyCount "83"]
[EventDate "2005.01.28"]
[EventType "swiss"]
[EventRounds "9"]
[EventCountry "SLO"]
[Source "lmi"]
[SourceDate "2005.02.03"]

1. e4 c5 2. Nf3 Nc6 3. d4 cxd4 4. Nxd4 Nf6 5. Nc3 e5 6. Ndb5 d6 7. Bg5 a6 8.
Na3 b5 9. Nd5 Be7 10. Bxf6 Bxf6 11. c3 Ne7 12. Nxf6+ gxf6 13. Bd3 Rg8 14. g3 d5
15. Qe2 d4 16. cxd4 Qxd4 17. O-O-O Qb6 18. Kb1 Bg4 19. f3 Be6 20. Nc2 O-O-O 21.
Nb4 Kb8 22. Rhf1 Rd4 23. Nc2 Rd6 24. Qe3 Qa5 25. a3 Bb3 26. Be2 Bxc2+ 27. Kxc2
Rgd8 28. Rxd6 Rxd6 29. Rd1 Qa4+ 30. Kc1 Rxd1+ 31. Bxd1 Qc4+ 32. Kb1 Qc7 33. Qh6
Qd6 34. Bc2 Nc6 35. Qxh7 Qd2 36. Qg8+ Nd8 37. h4 Kc7 38. h5 a5 39. Qf8 Qe1+ 40.
Ka2 Qc1 41. Qe7+ Kc8 42. Qc5+ 1-0

[Event "10. HIT Open 2005 - A"]
[Site "Nova Gorica SLO"]
[Date "2005.02.01"]
[Round "7.19"]
[White "Srebrnic, Ana"]
[Black "Muzychuk, Anna"]
[Result "0-1"]
[WhiteElo "2226"]
[BlackElo "2387"]
[PlyCount "54"]
[EventDate "2005.01.28"]
[EventType "swiss"]
[EventRounds "9"]
[EventCountry "SLO"]
[Source "lmi"]
[SourceDate "2005.02.03"]

1. Nf3 e6 2. c4 f5 3. d4 Nf6 4. g3 g6 5. Bg2 Bg7 6. O-O O-O 7. Nc3 d6 8. Qc2
Nc6 9. Rd1 Qe7 10. e4 fxe4 11. Nxe4 e5 12. dxe5 Nxe4 13. Qxe4 dxe5 14. Bg5 Qf7
15. Be3 h6 16. Nd2 Nd4 17. g4 c6 18. Re1 Bd7 19. h3 h5 20. Bf1 hxg4 21. hxg4
Bh6 22. Bxh6 Qxf2+ 23. Kh1 Qh4+ 24. Kg1 Qxh6 25. Bd3 Rf4 26. Qxg6+ Qxg6 27.
Bxg6 Rxg4+ 0-1